000 00667nam a2200253Ia 4500
003 OSt
005 20220918221509.0
006 a|||||r|||| 00| 0
007 ta
008 220917b |||||||| |||| 00| 0 eng d
024 _a192,435
037 _cTextual
040 _aARTS
_cARTS
_beng
041 _2eng
_aeng
082 _aYxNBO:g, P1
100 _aBourdieu Pierre
245 0 _aMasculine domination
260 _aLondon
_bPolity U. K.
_c2001
300 _aix,133p.
_ccm.
650 _aSOCIOLOGY
700 _a Nice Richard Tr.
_9140618
942 _hYxNBO:g, P1
_cTEXL
_2CC
999 _c272719
_d272719